End of Kaunda era (Record no. 83592)
[ view plain ]
| 000 -LEADER | |
|---|---|
| fixed length control field | 00377nam a22001337a 4500 |
| 008 - FIXED-LENGTH DATA ELEMENTS--GENERAL INFORMATION | |
| fixed length control field | 231208b |||||||| |||| 00| 0 eng d |
| 020 ## - INTERNATIONAL STANDARD BOOK NUMBER | |
| International Standard Book Number | 9982300652 |
| 050 ## - LIBRARY OF CONGRESS CALL NUMBER | |
| Classification number | DT 8753.K4 Mwa |
| 100 ## - MAIN ENTRY--PERSONAL NAME | |
| 9 (RLIN) | 1335 |
| Personal name | Mwanakatwe, John M. |
| 245 ## - TITLE STATEMENT | |
| Title | End of Kaunda era |
| Remainder of title | / by John M. Mwanakatwe |
| 260 ## - PUBLICATION, DISTRIBUTION, ETC. | |
| Place of publication, distribution, etc. | Lusaka : |
| Name of publisher, distributor, etc. | Multimedia |
| Date of publication, distribution, etc. | 1994 |
| 300 ## - PHYSICAL DESCRIPTION | |
| Extent | iii, 302 pages : illustrations |
| 942 ## - ADDED ENTRY ELEMENTS (KOHA) | |
| Source of classification or shelving scheme | |
| Withdrawn status | Lost status | Source of classification or shelving scheme | Damaged status | Not for loan | Collection code | Home library | Current library | Shelving location | Date acquired | Total Checkouts | Total Renewals | Full call number | Barcode | Date due | Date last seen | Date last checked out | Copy number | Price effective from |
|---|---|---|---|---|---|---|---|---|---|---|---|---|---|---|---|---|---|---|
| Special Collections | CBU-MAIN LIBRARY, KITWE. | CBU-MAIN LIBRARY, KITWE. | Special Collections | 12/08/2023 | 4 | 3 | DT 8753.K4 Mwa | 018690 | 05/15/2026 | 04/30/2026 | 04/30/2026 | 1 | 12/08/2023 | |||||
| Special Collections | CBU-MAIN LIBRARY, KITWE. | CBU-MAIN LIBRARY, KITWE. | Special Collections | 12/08/2023 | 3 | 3 | DT 8753.K4 Mwa | 018615 | 01/19/2026 | 01/05/2026 | 2 | 12/08/2023 |